|
|
|
|
| LEADER |
01242nam a22003135i 4500 |
| 001 |
31304 |
| 003 |
BD-DhAAL |
| 005 |
20211125110701.0 |
| 008 |
160928s2016 enka b 001 0 eng |
| 999 |
|
|
|c 37769
|d 37769
|
| 010 |
|
|
|a 2016939860
|
| 020 |
|
|
|a 9780198701958 (hardback)
|
| 020 |
|
|
|a 0198701950 (hardback)
|
| 040 |
|
|
|a DLC
|b eng
|e rda
|c DLC
|d BD-DhAAL
|
| 082 |
|
|
|2 23
|a 341
|
| 245 |
0 |
4 |
|a The Oxford handbook of the theory of international law /
|c edited by Anne Orford and Florian Hoffmann with Martin Clark.
|
| 264 |
|
1 |
|a Oxford :
|b Oxford University Press,
|c 2016.
|
| 300 |
|
|
|a xxxi, 1045 pages :
|b illustrations ;
|c 26 cm
|
| 504 |
|
|
|a Includes bibliographical references and index.
|
| 526 |
|
|
|a SOL
|
| 541 |
|
|
|e 31304
|
| 650 |
|
0 |
|a International law
|x Philosophy.
|9 20463
|
| 650 |
|
0 |
|a International law.
|9 20464
|
| 650 |
|
0 |
|a Law.
|9 43133
|
| 700 |
1 |
|
|a Orford, Anne,
|d 1965-
|e editor.
|9 20465
|
| 700 |
1 |
|
|a Hoffmann, Florian,
|q (Florian Fabian),
|e editor.
|9 20466
|
| 700 |
1 |
|
|a Clark, Martin,
|e editor.
|9 20467
|
| 942 |
|
|
|2 ddc
|c BK
|
| 952 |
|
|
|0 0
|1 0
|2 ddc
|4 0
|6 341_000000000000000_OXF
|7 0
|9 59596
|a BRACUL
|b BRACUL
|c GEN
|d 2016-08-21
|e Trim Education
|g 12088.00
|l 4
|m 7
|o 341 OXF
|p 3010031304
|q 2026-05-21
|r 2026-05-04
|s 2026-05-04
|v 12088.00
|w 2016-08-21
|y BK
|